Pop-Tart Flavors Quiz Stats

 Plays Quiz Updated Nov 18, 2018

Support Sporcle.
Go Orange.
Score 0/20 Timer 06:00
1 Play Today
% Correct
Unfrosted Strawberry
97.4%
Unfrosted Blueberry
89.1%
S'mores
68.5%
Cherry
64.6%
Unfrosted Brown Sugar Cinnamon
58.4%
Raspberry
42.5%
Strawberry
37.5%
Chocolate Chip
36%
Blueberry
33.8%
Wildlicious Wild! Berry
32.6%
% Correct
Hot Fudge Sundae
29%
Chocolate Fudge
27.6%
Cookies & Creme
22.4%
Brown Sugar Cinnamon
14.2%
Red Velvet
13.5%
Blue Raspberry
12.5%
Confetti Cupcake
9.9%
Cinnamon Roll
8.3%
Chocolatey Caramel
3.5%
Chocolate Chip Cookie Dough
2.9%

From the Vault

US National Parks

by Ben

The National Parks Service, created by Woodrow Wilson in 1916, encompasses 391 areas and 84 million acres of land.
Remove Ads.
Support Sporcle.
Get the best of Sporcle when you Go Orange. This ad-free experience offers more features, more stats, and more fun while also helping to support Sporcle. Thank you for becoming a member.

Show Comments

Extras

Top Quizzes Today


Score Distribution

Your Account Isn't Verified!

In order to create a playlist on Sporcle, you need to verify the email address you used during registration. Go to your Sporcle Settings to finish the process.

Report this User

Report this user for behavior that violates our Community Guidelines.

Details: